|
|
|
|
| LEADER |
00793nam a22002057a 4500 |
| 001 |
28537 |
| 003 |
BD-DhAAL |
| 005 |
20150921020002.0 |
| 008 |
141108s1997 xxu 000 0 eng d |
| 020 |
|
|
|a 0141183446
|
| 082 |
0 |
4 |
|a 833.91
|
| 100 |
1 |
|
|a Kafka, Franz.
|9 5979
|
| 245 |
1 |
4 |
|a The Castle /
|c Franz Kafka; a new translation by J. A. Underwood with an introduction by Idris Parry.
|
| 260 |
|
|
|a London;
|a New delhi :
|b Penguin Books,
|c c1997.
|
| 300 |
|
|
|a xix, 279 p. ;
|c 20 cm.
|
| 541 |
|
|
|e 28537
|
| 650 |
|
0 |
|a Political science
|v Fiction.
|9 5980
|
| 942 |
|
|
|2 ddc
|c BK
|0 1
|
| 999 |
|
|
|c 33023
|d 33023
|
| 952 |
|
|
|0 0
|1 0
|2 ddc
|4 0
|6 833_910000000000000_KAF
|7 0
|9 44004
|a BRACUL
|b SCL
|c GEN
|d 2014-11-08
|e Paragon Enterprises Ltd.
|g 832.00
|l 14
|m 107
|o 833.91 KAF
|p 3010028537
|q 2026-06-08
|r 2025-06-18
|s 2025-06-18
|t 1
|w 2014-11-08
|y BK
|